000 00564 a2200205 4500
001 63318
005 20260407155930.0
008 260407a1973 arg spa d
003 AR-UNSa-BCEJYS
040 _aAR-UNSa-BCEJYS
_bspa
_cAR-UNSa-BCEJYS
080 _a517.2/3
_xCálculo diferencial e integral
245 1 0 _aCálculo avanzado
264 1 _aMéxico :
_bLimusa
_c1973
300 _a551 p.
_c22 cm.
505 _aParte I: Cálculo de una variable -
041 _aspa
942 _cBK
590 _aniveau_biblio:m niveau_hierar:0
100 1 _aFulks, Watson
999 _c8117
_d8117